Kirchen im Krieg. - Paderborn [u.a.] : Schöningh. - 2007 [Rezension]
| Titel: | Kirchen im Krieg. - Paderborn [u.a.] : Schöningh. - 2007 [Rezension] |
|---|---|
| Verfasser: | |
| In: |
Damals, Band 40, Heft 1 (2008), Seite 60 alle Artikel anzeigen |
| Veröffentlicht: | 2008 |
| Format: | Aufsatz |
| Sprache: | Deutsch |
X
alg: 39499068
001A $01999:12-11-16
001B $01999:01-06-17 $t18:14:39.000
001D $01999:12-11-16
001U $0utf8
001X $00
002@ $0Aox
003@ $0394990684
007A $0394990684 $aHEB
007T $0Herdc0062401m
010@ $ager
011@ $a2008
021A $aKirchen im Krieg. - Paderborn {[u.a.] : Schöningh. - 2007 [Rezension]
028A $aHering $dRainer
031A $d40 $e1 $h60 $j2008
039B $aIn $8--Abvc--. Damals. - Leinfelden-Echterdingen : Konradin, 1969-. - ISSN 0011-5908 $x200800000400001940 $9047713682
039T $8--Aau--. Kirchen im Krieg. - Paderborn {[u.a.] : Schöningh, 2007. - 614 S.. - ISBN 978-3-506-75688-6 $917953212X
045T $a8
lok: 39499068 78
exp: 39499068 78 1 #EPN
201B/01 $018-11-16 $t13:21:47.000
201U/01 $0utf8
203@/01 $079128929X
208@/01 $a12-11-16 $be
209A/01 $a/ $f000 $x00
220C/01 $aTitelaufnehmer: pg
220C/01 $aHerkunft: HI Marburg
244Z/01 $2Trx $#arvustused $#recenzijos $#Reviews $#recenziók $#recenzje $#recenzie $#recenze $8--Trx--Rezensionen $x01 $9391357441
247C/01 $82080>Marburg/Lahn, Herder-Institut, Forschungsbibliothek, Bibliographieportal $9336309341
| LEADER | 00000caa a22000002c 4500 | ||
|---|---|---|---|
| 001 | 394990684 | ||
| 003 | DE-603 | ||
| 005 | 20170601181439.0 | ||
| 007 | tu | ||
| 008 | 161112s2008 xx |||| | u00||u|ger c | ||
| 035 | |a (DE-599)HEB394990684 | ||
| 040 | |a DE-603 |b ger |c DE-603 |d DE-603 | ||
| 041 | |a ger | ||
| 084 | |a 8 |2 ssgn | ||
| 100 | 1 | |a Hering, Rainer | |
| 245 | 0 | 0 | |a Kirchen im Krieg. - Paderborn [u.a.] : Schöningh. - 2007 [Rezension] |
| 264 | 0 | |c 2008 | |
| 773 | 0 | 8 | |i In |t Damals |d Leinfelden-Echterdingen : Konradin, 1969- |h 28 cm |x 0011-5908 |g Band 40, Heft 1 (2008), Seite 60 |w (DE-603)047713682 |w (DE-600)512126-7 |
| 787 | 0 | 8 | |i Rezension von |t Kirchen im Krieg |d Paderborn [u.a.] : Schöningh, 2007 |h 614 S. |z 3506756885 |z 9783506756886 |w (DE-603)17953212X |
| 924 | 0 | |9 2080 |a (DE-603)79128929X |b DE-2080 |c HES |d d |g / | |


